[Event "Oberliga Ost A 2018 2019"]
[Site "?"]
[Date "2018.12.16"]
[Round "5.8"]
[White "Mueller, Giso"]
[Black "Merker, Matthias"]
[Result "1/2-1/2"]
[WhiteElo "2125"]
[BlackElo "2127"]
[PlyCount "49"]
[EventDate "2018.10.21"]
[EventType "team-tourn"]
[EventCountry "GER"]
[WhiteTeam "Leipzig VfB Schach"]
[BlackTeam "Coswig TuS"]
[WhiteTeamCountry "GER"]
[BlackTeamCountry "GER"]

1. e4 Nf6 2. e5 Nd5 3. d4 d6 4. Nf3 dxe5 5. Nxe5 g6 6. Bc4 Be6 7. Bb3 c6 8. O-O
Bg7 9. Qe2 Nc7 10. Rd1 Bxb3 11. axb3 O-O 12. Nd2 Nd7 13. Ndf3 Nxe5 14. dxe5 Qc8
15. Be3 b6 16. Ra4 Nd5 17. Bc1 a5 18. Rh4 Qf5 19. Rc4 Rac8 20. Nd4 Qd7 21. Nf3
Rfd8 22. Rcd4 Qc7 23. Qd3 Re8 24. Qe4 Rcd8 25. c3 1/2-1/2

[Event "Oberliga Ost A 2018 2019"]
[Site "?"]
[Date "2018.12.16"]
[Round "5.1"]
[White "Boehnisch, Manfred"]
[Black "Zwahr, Paul"]
[Result "0-1"]
[WhiteElo "2245"]
[BlackElo "2253"]
[PlyCount "86"]
[EventDate "2018.10.21"]
[EventType "team-tourn"]
[EventCountry "GER"]
[WhiteTeam "Leipzig SG II"]
[BlackTeam "Dresden SG Gruen Weiss"]
[WhiteTeamCountry "GER"]
[BlackTeamCountry "GER"]

1. d4 Nf6 2. Bf4 g6 3. Qc1 Bg7 4. Bh6 O-O 5. c3 d6 6. Bxg7 Kxg7 7. Nd2 e5 8. e3
Re8 9. Ne2 b6 10. Qc2 exd4 11. cxd4 c5 12. dxc5 bxc5 13. Nf4 Nc6 14. Be2 g5 15.
Nh3 h6 16. Ng1 Nb4 17. Qb1 d5 18. a3 Nc6 19. Ngf3 d4 20. Nc4 Qd5 21. O-O Bf5
22. Qa2 Rab8 23. Rac1 dxe3 24. fxe3 Nd4 25. Nxd4 cxd4 26. Bf3 Qe6 27. exd4 g4
28. d5 Qd7 29. Bd1 Bd3 30. Nd2 Bxf1 31. Nxf1 Re1 32. Bxg4 Rxf1+ 33. Rxf1 Qxg4
34. b4 Qd4+ 35. Kh1 Qxd5 36. Qf2 Rb6 37. Qg3+ Qg5 38. Qc7 Qb5 39. Rf3 Re6 40.
Rg3+ Kf8 41. Qc1 Qe5 42. Rf3 Ng4 43. Qg1 Nxh2 0-1

[Event "Oberliga Ost A 2018 2019"]
[Site "?"]
[Date "2018.12.16"]
[Round "5.2"]
[White "Rudolf, Sebastian"]
[Black "Schunk, Thomas"]
[Result "1-0"]
[WhiteElo "2284"]
[BlackElo "2149"]
[PlyCount "173"]
[EventDate "2018.10.21"]
[EventType "team-tourn"]
[EventCountry "GER"]
[WhiteTeam "Dresden SG Gruen Weiss"]
[BlackTeam "Leipzig SG II"]
[WhiteTeamCountry "GER"]
[BlackTeamCountry "GER"]

1. e4 c5 2. Nf3 e6 3. b3 d6 4. Bb2 Nc6 5. d4 cxd4 6. Nxd4 Nxd4 7. Qxd4 Nf6 8.
Nc3 a6 9. Be2 Be7 10. O-O e5 11. Qe3 O-O 12. Na4 Be6 13. c4 Qc7 14. Rac1 Nd7
15. Rfd1 Rad8 16. Nc3 Rc8 17. Ba3 Rfd8 18. Bb4 Nc5 19. Nd5 Bxd5 20. cxd5 a5 21.
Bxc5 dxc5 22. a4 b6 23. Qd3 Rd6 24. Rc3 Bg5 25. Qc4 Qe7 26. Bg4 Rcd8 27. g3 g6
28. h4 Bh6 29. Qe2 Rf8 30. Bh3 Kh8 31. h5 Kg7 32. hxg6 hxg6 33. Kg2 Rfd8 34.
Qf3 Re8 35. Rc2 Red8 36. Qc3 Kg8 37. Re2 Bg5 38. Bg4 Kg7 39. f4 Bf6 40. f5 Rh8
41. fxg6 fxg6 42. Be6 Rh6 43. Rf1 Rd8 44. Rh1 Rxh1 45. Kxh1 Rh8+ 46. Kg2 Rh6
47. Rf2 Qd8 48. Qf3 g5 49. Bg4 Qd6 50. Qe2 Qd8 51. Qb5 Be7 52. Be6 Rf6 53. Re2
Rh6 54. Rf2 Rf6 55. Rxf6 Bxf6 56. Qc6 Be7 57. Bd7 Bf8 58. Bf5 Qf6 59. Qe8 Be7
60. Be6 Qf8 61. Qc6 Qd8 62. Qb7 Kh6 63. Bf5 Kg7 64. Kf3 Qd6 65. Kg4 Kh6 66. Qc8
Kg7 67. Qe8 Qf6 68. Be6 Bf8 69. d6 Qg6 70. d7 Qxe4+ 71. Kxg5 Qe3+ 72. Kh5 Qf3+
73. Kh4 Qf6+ 74. Kg4 Be7 75. Qg8+ Kh6 76. Bf5 Qg7+ 77. Qxg7+ Kxg7 78. Kf3 Bd8
79. Ke4 Kf6 80. g4 b5 81. axb5 c4 82. bxc4 a4 83. Kd3 Ke7 84. Kc3 Ba5+ 85. Kb2
e4 86. Bxe4 Kxd7 87. Ka3 1-0

[Event "Oberliga Ost A 2018 2019"]
[Site "?"]
[Date "2018.12.16"]
[Round "5.3"]
[White "Schultz, Andreas"]
[Black "Zimmermann, Rene"]
[Result "0-1"]
[WhiteElo "2152"]
[BlackElo "2215"]
[PlyCount "76"]
[EventDate "2018.10.21"]
[EventType "team-tourn"]
[EventCountry "GER"]
[WhiteTeam "Leipzig SG II"]
[BlackTeam "Dresden SG Gruen Weiss"]
[WhiteTeamCountry "GER"]
[BlackTeamCountry "GER"]

1. d4 d5 2. c4 e6 3. Nc3 c6 4. e3 Nf6 5. Nf3 Nbd7 6. Qc2 Bd6 7. b3 O-O 8. Bd3
Re8 9. O-O dxc4 10. bxc4 e5 11. h3 Qe7 12. Ng5 h6 13. Nge4 Bb4 14. a3 Ba5 15.
a4 Nxe4 16. Nxe4 f5 17. Nc3 e4 18. Be2 Nf6 19. Ba3 Qf7 20. Bd6 Be6 21. c5 Rad8
22. Be5 Kh8 23. Rab1 Bc8 24. Qb3 Qg6 25. Bc4 Rd7 26. Ne2 Nh5 27. Kh2 Bc7 28.
Bxc7 Rxc7 29. g3 Qf6 30. Rbd1 g5 31. f4 exf3 32. Rxf3 Ng7 33. Nc3 f4 34. e4
fxg3+ 35. Kxg3 Nh5+ 36. Kf2 Nf4 37. Bf1 g4 38. e5 Nxh3+ 0-1

[Event "Oberliga Ost A 2018 2019"]
[Site "?"]
[Date "2018.12.16"]
[Round "5.4"]
[White "Gehmlich, Marcel"]
[Black "Gempe, Thomas"]
[Result "1-0"]
[WhiteElo "2177"]
[BlackElo "2170"]
[PlyCount "61"]
[EventDate "2018.10.21"]
[EventType "team-tourn"]
[EventCountry "GER"]
[WhiteTeam "Dresden SG Gruen Weiss"]
[BlackTeam "Leipzig SG II"]
[WhiteTeamCountry "GER"]
[BlackTeamCountry "GER"]

1. Nf3 Nf6 2. d4 g6 3. Bf4 Bg7 4. Nbd2 O-O 5. h3 d6 6. e4 c5 7. c3 cxd4 8. cxd4
Nc6 9. d5 Nb8 10. Be3 Nbd7 11. Be2 Nc5 12. Qc2 Bd7 13. Rc1 Rc8 14. Qb1 a5 15.
O-O b5 16. b4 axb4 17. Qxb4 Na4 18. Rxc8 Qxc8 19. Bxb5 Bxb5 20. Qxb5 Nc3 21.
Qd3 Nxa2 22. Nd4 Nb4 23. Qb3 Na6 24. Nc6 Re8 25. Rc1 Kf8 26. Qa3 Qa8 27. e5
dxe5 28. d6 exd6 29. Qxd6+ Kg8 30. Ra1 Qb7 31. Rxa6 1-0

[Event "Oberliga Ost A 2018 2019"]
[Site "?"]
[Date "2018.12.16"]
[Round "5.5"]
[White "Limpert, Michael"]
[Black "Schnoor, Ekkehard"]
[Result "1/2-1/2"]
[WhiteElo "2162"]
[BlackElo "2167"]
[PlyCount "62"]
[EventDate "2018.10.21"]
[EventType "team-tourn"]
[EventCountry "GER"]
[WhiteTeam "Leipzig SG II"]
[BlackTeam "Dresden SG Gruen Weiss"]
[WhiteTeamCountry "GER"]
[BlackTeamCountry "GER"]

1. e4 c5 2. Nf3 d6 3. Bb5+ Bd7 4. Bxd7+ Qxd7 5. O-O Nf6 6. Qe2 Nc6 7. Rd1 g6 8.
b3 Bg7 9. Bb2 e5 10. c3 Qg4 11. d3 O-O 12. c4 Nh5 13. Nd4 Qh4 14. Nxc6 bxc6 15.
g3 Qh3 16. f3 Qe6 17. Na3 f5 18. Nc2 Nf6 19. b4 Nd7 20. bxc5 Nxc5 21. d4 exd4
22. Nxd4 Qe8 23. Nb3 Bxb2 24. Qxb2 fxe4 25. Nxc5 dxc5 26. fxe4 Qxe4 27. Rd7
Qe3+ 28. Kh1 Qf3+ 29. Kg1 Qe3+ 30. Kh1 Qf3+ 31. Kg1 Qe3+ 1/2-1/2

[Event "Oberliga Ost A 2018 2019"]
[Site "?"]
[Date "2018.12.16"]
[Round "5.6"]
[White "Nake, Matthias"]
[Black "Dietze, Frank"]
[Result "1/2-1/2"]
[WhiteElo "2178"]
[BlackElo "2089"]
[PlyCount "27"]
[EventDate "2018.10.21"]
[EventType "team-tourn"]
[EventCountry "GER"]
[WhiteTeam "Dresden SG Gruen Weiss"]
[BlackTeam "Leipzig SG II"]
[WhiteTeamCountry "GER"]
[BlackTeamCountry "GER"]

1. e4 c5 2. Nc3 Nc6 3. g3 g6 4. d3 Bg7 5. Be3 d6 6. Qd2 e5 7. Bg2 Nge7 8. Nge2
Nd4 9. O-O Bh3 10. f3 Bxg2 11. Kxg2 O-O 12. Rae1 Rb8 13. Nd1 d5 14. c3 1/2-1/2

[Event "Oberliga Ost A 2018 2019"]
[Site "?"]
[Date "2018.12.16"]
[Round "5.7"]
[White "Beyer, Till"]
[Black "Kunze, Christopher"]
[Result "1/2-1/2"]
[WhiteElo "2091"]
[BlackElo "2136"]
[PlyCount "42"]
[EventDate "2018.10.21"]
[EventType "team-tourn"]
[EventCountry "GER"]
[WhiteTeam "Leipzig SG II"]
[BlackTeam "Dresden SG Gruen Weiss"]
[WhiteTeamCountry "GER"]
[BlackTeamCountry "GER"]

1. d4 Nf6 2. c4 g6 3. Nf3 Bg7 4. Nc3 O-O 5. g3 d6 6. Bg2 c6 7. O-O Nbd7 8. Bg5
Qc7 9. Qc1 Re8 10. Rd1 e5 11. b4 Nb6 12. c5 dxc5 13. bxc5 Nbd7 14. Bxf6 Nxf6
15. Nxe5 h5 16. a4 Rxe5 17. dxe5 Qxe5 18. Rd8+ Kh7 19. Qd2 Nd7 20. Rc1 Qe7 21.
Rxc8 Rxc8 1/2-1/2

[Event "Oberliga Ost A 2018 2019"]
[Site "?"]
[Date "2018.12.16"]
[Round "5.8"]
[White "Rudolf, Matthias"]
[Black "Fasshauer, Jacob"]
[Result "1-0"]
[WhiteElo "2084"]
[BlackElo "2062"]
[PlyCount "61"]
[EventDate "2018.10.21"]
[EventType "team-tourn"]
[EventCountry "GER"]
[WhiteTeam "Dresden SG Gruen Weiss"]
[BlackTeam "Leipzig SG II"]
[WhiteTeamCountry "GER"]
[BlackTeamCountry "GER"]

1. b3 g6 2. Bb2 Nf6 3. c4 Bg7 4. g3 d6 5. d4 O-O 6. Bg2 Nbd7 7. Nf3 c6 8. O-O
a5 9. Nc3 Nb6 10. Qc2 d5 11. c5 Bf5 12. Qd1 Nbd7 13. Nh4 Re8 14. e3 Bh6 15.
Nxf5 gxf5 16. Na4 e6 17. Qe2 Kh8 18. Rae1 Rg8 19. f3 Qc7 20. Nc3 Rg7 21. e4
fxe4 22. fxe4 Ng4 23. Rf3 e5 24. exd5 exd4 25. d6 Qd8 26. Nd1 Nge5 27. Rf5 d3
28. Qh5 Qe8 29. Rexe5 Nxe5 30. Rxe5 Qd7 31. Re7 1-0

[Event "Oberliga Ost A 2018 2019"]
[Site "?"]
[Date "2018.12.16"]
[Round "5.1"]
[White "Heistermann, Till"]
[Black "Moehn, Hans"]
[Result "0-1"]
[WhiteElo "2192"]
[BlackElo "2364"]
[PlyCount "110"]
[EventDate "2018.10.21"]
[EventType "team-tourn"]
[EventCountry "GER"]
[WhiteTeam "Leipzig SG"]
[BlackTeam "Dresden USV TU II"]
[WhiteTeamCountry "GER"]
[BlackTeamCountry "GER"]

1. c4 g6 2. g3 Bg7 3. Bg2 e6 4. Nf3 Ne7 5. d4 d5 6. Nc3 O-O 7. cxd5 exd5 8. Bg5
f6 9. Bd2 c6 10. O-O Bg4 11. h3 Bxf3 12. Bxf3 f5 13. e3 Nd7 14. Rc1 Nc8 15. b4
a6 16. Na4 Nd6 17. Nc5 Qe7 18. a4 b5 19. Kg2 Nc4 20. Nd3 Ndb6 21. a5 Nd7 22. h4
Rf7 23. Qe2 Re8 24. Qd1 Bf8 25. Rc2 Qf6 26. Bc1 Bd6 27. Rh1 Qe7 28. Bd2 Nf6 29.
Nc5 Ne4 30. Bc1 Rg7 31. Rh3 h6 32. Qh1 Rf8 33. Qd1 Rf6 34. Rh1 Kf8 35. Qe1 Qa7
36. Qd1 Re7 37. Qf1 Ke8 38. Qd1 Kd8 39. Qf1 Kc7 40. Qd1 Qa8 41. Qd3 Qc8 42. Re2
Kb8 43. Ree1 Ka7 44. Reg1 Qb8 45. Qd1 Qh8 46. Nd3 Qg7 47. Kf1 Rf8 48. Rg2 Qf6
49. Qc2 Re6 50. Nc5 Re7 51. Nd3 Rff7 52. Nc5 Bxc5 53. dxc5 Qa1 54. Bxe4 Rxe4
55. Kg1 Nxe3 0-1

[Event "Oberliga Ost A 2018 2019"]
[Site "?"]
[Date "2018.12.16"]
[Round "5.2"]
[White "Urban, Konstantin"]
[Black "Pietzsch, Manuel"]
[Result "1/2-1/2"]
[WhiteElo "2310"]
[BlackElo "2167"]
[PlyCount "36"]
[EventDate "2018.10.21"]
[EventType "team-tourn"]
[EventCountry "GER"]
[WhiteTeam "Dresden USV TU II"]
[BlackTeam "Leipzig SG"]
[WhiteTeamCountry "GER"]
[BlackTeamCountry "GER"]

1. e4 c5 2. Nf3 Nc6 3. d4 cxd4 4. Nxd4 Nf6 5. Nc3 e5 6. Ndb5 d6 7. Bg5 a6 8.
Na3 b5 9. Nd5 Be7 10. Bxf6 Bxf6 11. g3 Bg5 12. Bg2 O-O 13. c3 Ne7 14. O-O Be6
15. Nxe7+ Qxe7 16. Qe2 Rab8 17. Rfd1 f5 18. exf5 Rxf5 1/2-1/2

[Event "Oberliga Ost A 2018 2019"]
[Site "?"]
[Date "2018.12.16"]
[Round "5.3"]
[White "Nguyen, Alex Dac Vuong"]
[Black "Wegener, Dirk"]
[Result "1/2-1/2"]
[WhiteElo "2201"]
[BlackElo "2394"]
[PlyCount "68"]
[EventDate "2018.10.21"]
[EventType "team-tourn"]
[EventCountry "GER"]
[WhiteTeam "Leipzig SG"]
[BlackTeam "Dresden USV TU II"]
[WhiteTeamCountry "GER"]
[BlackTeamCountry "GER"]

1. e4 e6 2. d4 d5 3. Nc3 Bb4 4. exd5 exd5 5. Bd3 Nf6 6. Nge2 Bg4 7. f3 Bh5 8.
Nf4 O-O 9. O-O Bg6 10. Nxg6 fxg6 11. Ne2 Nbd7 12. c3 Bd6 13. Bf4 Qe7 14. Re1
Rae8 15. Qd2 Bxf4 16. Nxf4 Qd6 17. Bc2 g5 18. Nd3 g4 19. Rxe8 Rxe8 20. f4 Ne4
21. Qe3 Qb6 22. Bb3 c6 23. Ne5 Nxe5 24. fxe5 Rxe5 25. Qf4 Re8 26. Re1 Nf6 27.
Rxe8+ Nxe8 28. Qxg4 Qc7 29. Bc2 Qe7 30. Kf2 Nf6 31. Qf5 Kf7 32. Qf4 g6 33. Bd1
Qe4 34. Qxe4 Nxe4+ 1/2-1/2

[Event "Oberliga Ost A 2018 2019"]
[Site "?"]
[Date "2018.12.16"]
[Round "5.4"]
[White "Wong, Gengchun"]
[Black "Roesemann, Rainer"]
[Result "1/2-1/2"]
[WhiteElo "2156"]
[BlackElo "2241"]
[PlyCount "124"]
[EventDate "2018.10.21"]
[EventType "team-tourn"]
[EventCountry "GER"]
[WhiteTeam "Dresden USV TU II"]
[BlackTeam "Leipzig SG"]
[WhiteTeamCountry "GER"]
[BlackTeamCountry "GER"]

1. Nf3 d5 2. g3 Nf6 3. Bg2 Bf5 4. O-O e6 5. c4 c6 6. b3 Be7 7. Bb2 O-O 8. d3
Nbd7 9. Nbd2 h6 10. a3 a5 11. Ra2 Bh7 12. Qa1 b5 13. Rc1 Qb6 14. cxb5 cxb5 15.
Bd4 Qb7 16. Ne5 Nxe5 17. Bxe5 Rfc8 18. Rac2 Rxc2 19. Rxc2 Rc8 20. Rxc8+ Qxc8
21. Qc3 Qxc3 22. Bxc3 Bxa3 23. Bxa5 Nd7 24. Nb1 Bb2 25. Nc3 Nc5 26. Nxb5 Nxb3
27. Bc3 Bxc3 28. Nxc3 Kf8 29. h4 Ke7 30. Kf1 d4 31. Nb5 f6 32. Ke1 Bf5 33. Kd1
e5 34. Ke1 Bg4 35. Na3 g5 36. hxg5 fxg5 37. Bd5 Nc5 38. f3 Bd7 39. g4 Ba4 40.
Nb1 Nd7 41. Nd2 Nf8 42. Nf1 Ng6 43. Ng3 Bd7 44. Be4 Nf4 45. Bf5 Be8 46. Be4 Kf6
47. Bf5 Kg7 48. Be4 h5 49. gxh5 Bxh5 50. Kf2 Be8 51. Bb7 Bd7 52. Be4 Kf6 53.
Bb7 g4 54. fxg4 Bxg4 55. Bf3 Bd7 56. Be4 Bb5 57. Nf1 Ne6 58. Ng3 Nc5 59. Kf3
Kg5 60. Bd5 Kf6 61. Ne4+ Nxe4 62. Bxe4 Kg5 1/2-1/2

[Event "Oberliga Ost A 2018 2019"]
[Site "?"]
[Date "2018.12.16"]
[Round "5.5"]
[White "Weitzer, Steffen"]
[Black "Salzmann, Peter"]
[Result "1-0"]
[WhiteElo "2276"]
[BlackElo "2169"]
[PlyCount "87"]
[EventDate "2018.10.21"]
[EventType "team-tourn"]
[EventCountry "GER"]
[WhiteTeam "Leipzig SG"]
[BlackTeam "Dresden USV TU II"]
[WhiteTeamCountry "GER"]
[BlackTeamCountry "GER"]

1. d4 g6 2. h4 Nf6 3. Nc3 Bg7 4. e4 d6 5. f3 c6 6. Be3 Qb6 7. Qc1 h5 8. Bc4 Qa5
9. Bb3 Nfd7 10. Qd2 c5 11. Nge2 Nc6 12. Rd1 cxd4 13. Nxd4 Nxd4 14. Bxd4 Bxd4
15. Qxd4 Qe5 16. Nd5 Qxd4 17. Rxd4 Kf8 18. c3 Nc5 19. Bc2 Bd7 20. O-O Rc8 21.
f4 e5 22. Rd2 Bb5 23. Rf3 Kg7 24. f5 gxf5 25. Ne7 f4 26. Nxc8 Rxc8 27. g3 Bc6
28. gxf4 Nxe4 29. Re2 Nc5 30. Rg3+ Kf6 31. fxe5+ dxe5 32. Rg5 Ne6 33. Rf5+ Ke7
34. Rfxe5 Kd6 35. Rxh5 Rg8+ 36. Kh2 Rg4 37. Rh7 Rf4 38. Bb3 Kc5 39. Rh6 Nd8 40.
h5 Rf1 41. Rh8 Ne6 42. Bxe6 fxe6 43. h6 Rh1+ 44. Kg3 1-0

[Event "Oberliga Ost A 2018 2019"]
[Site "?"]
[Date "2018.12.16"]
[Round "5.6"]
[White "Oehl, Tim"]
[Black "Hoffmann, Hendrik"]
[Result "0-1"]
[WhiteElo "2143"]
[BlackElo "2258"]
[PlyCount "96"]
[EventDate "2018.10.21"]
[EventType "team-tourn"]
[EventCountry "GER"]
[WhiteTeam "Dresden USV TU II"]
[BlackTeam "Leipzig SG"]
[WhiteTeamCountry "GER"]
[BlackTeamCountry "GER"]

1. c4 e6 2. g3 d5 3. Bg2 Nf6 4. Nf3 c5 5. O-O Nc6 6. d3 Be7 7. b3 O-O 8. Na3
Re8 9. Nc2 h6 10. e3 e5 11. d4 e4 12. Ne5 cxd4 13. Nxc6 bxc6 14. Nxd4 Qb6 15.
Qc2 c5 16. Nb5 Ba6 17. a4 Rad8 18. Re1 d4 19. Bb2 d3 20. Qd2 Bc8 21. a5 Qb8 22.
a6 Bd7 23. Ra5 Rc8 24. f4 exf3 25. Bxf3 Bd8 26. Bb7 Ne4 27. Bxe4 Rxe4 28. Ra4
Rg4 29. Kf2 Bf5 30. Ra3 Rc6 31. Nc3 Rcg6 32. Rg1 h5 33. e4 Bxe4 34. Nxe4 Rxe4
35. Qxd3 Bf6 36. Ra2 Bxb2 37. Rxb2 Qe5 38. Ra2 Rd6 39. Qc2 h4 40. Rd1 Qf5+ 41.
Kg2 h3+ 42. Kg1 Qe5 43. Rf1 Re1 44. Qf2 Rxf1+ 45. Qxf1 Qe3+ 46. Kh1 Rf6 47. Qd1
Qxb3 48. Rc2 Qxc2 0-1

[Event "Oberliga Ost A 2018 2019"]
[Site "?"]
[Date "2018.12.16"]
[Round "5.7"]
[White "Rausch, Stephan"]
[Black "Richter, Philipp"]
[Result "1-0"]
[WhiteElo "2241"]
[BlackElo "2015"]
[PlyCount "95"]
[EventDate "2018.10.21"]
[EventType "team-tourn"]
[EventCountry "GER"]
[WhiteTeam "Leipzig SG"]
[BlackTeam "Dresden USV TU II"]
[WhiteTeamCountry "GER"]
[BlackTeamCountry "GER"]

1. d4 Nf6 2. Nf3 c5 3. c3 d5 4. dxc5 a5 5. e3 Na6 6. Bxa6 Rxa6 7. O-O a4 8. c4
dxc4 9. Qxd8+ Kxd8 10. Nc3 Nd7 11. Rd1 f6 12. e4 e5 13. Be3 Ke8 14. Rd5 Nb8 15.
Nb5 Ke7 16. Nd6 Be6 17. Rd2 Nd7 18. Rc1 Rc6 19. Nxc4 Kf7 20. Rdc2 Be7 21. b4
axb3 22. axb3 Rhc8 23. b4 R6c7 24. Na3 Bb3 25. Rb2 Ba4 26. Nb1 Nf8 27. Nc3 b5
28. Nd5 Rc6 29. Nd2 Bd8 30. Nb1 Ng6 31. Nbc3 Ra8 32. Ra1 Rca6 33. Rba2 Ne7 34.
Nxa4 Nxd5 35. exd5 Rxa4 36. Rxa4 bxa4 37. Ra3 f5 38. f4 exf4 39. Bxf4 Bf6 40.
Bc1 g5 41. Rd3 Rb8 42. Ba3 h5 43. c6 Bd8 44. d6 Bb6+ 45. Kf1 Ke6 46. b5 f4 47.
c7 Rg8 48. Bc5 1-0

[Event "Oberliga Ost A 2018 2019"]
[Site "?"]
[Date "2018.12.16"]
[Round "5.8"]
[White "Ledfuss, Guntram"]
[Black "Liedtke, Matthias"]
[Result "1/2-1/2"]
[WhiteElo "2001"]
[BlackElo "2280"]
[PlyCount "40"]
[EventDate "2018.10.21"]
[EventType "team-tourn"]
[EventCountry "GER"]
[WhiteTeam "Dresden USV TU II"]
[BlackTeam "Leipzig SG"]
[WhiteTeamCountry "GER"]
[BlackTeamCountry "GER"]

1. d4 Nf6 2. c4 g6 3. Nc3 Bg7 4. e4 d6 5. f4 O-O 6. Nf3 Na6 7. Bd3 Bg4 8. O-O
Nd7 9. Be3 e5 10. fxe5 c5 11. d5 Nxe5 12. Be2 Bd7 13. Qd2 f6 14. Nxe5 fxe5 15.
Rxf8+ Bxf8 16. Rf1 Nc7 17. Qe1 Be7 18. Bh6 Ne8 19. Qf2 Bf6 20. Qg3 Qe7 1/2-1/2

[Event "Oberliga Ost A 2018 2019"]
[Site "?"]
[Date "2018.12.16"]
[Round "5.1"]
[White "Sieber, Fiona"]
[Black "Hoepfl, Thomas"]
[Result "1-0"]
[WhiteElo "2262"]
[BlackElo "2292"]
[PlyCount "161"]
[EventDate "2018.10.21"]
[EventType "team-tourn"]
[EventCountry "GER"]
[WhiteTeam "Magdeburg SG Aufbau Elbe"]
[BlackTeam "Halle USV"]
[WhiteTeamCountry "GER"]
[BlackTeamCountry "GER"]

1. e4 e5 2. Nf3 Nc6 3. Bb5 a6 4. Ba4 d6 5. c3 Bd7 6. d4 g6 7. Bg5 Be7 8. Bxe7
Qxe7 9. O-O Nf6 10. Nbd2 O-O 11. Re1 exd4 12. cxd4 Nb4 13. Qb3 Nd3 14. Qxd3
Bxa4 15. d5 Rfe8 16. Rac1 Bb5 17. Qc2 c5 18. a4 Bd7 19. a5 Bb5 20. Qc3 Rac8 21.
Rcd1 Rcd8 22. b3 Rc8 23. h3 Rcd8 24. Re3 Rc8 25. Rde1 Rcd8 26. Qb2 Nd7 27. Nc4
f6 28. Nfd2 Ne5 29. f4 Nf7 30. Nf3 Rf8 31. Nb6 Rfe8 32. Qc3 Rf8 33. Kh1 Rfe8
34. e5 fxe5 35. fxe5 Nxe5 36. Nxe5 dxe5 37. Rxe5 Qf8 38. Re6 Qf2 39. Re7 Rxe7
40. Rxe7 Qd4 41. Qxd4 cxd4 42. Re4 d3 43. Kg1 Rf8 44. Rd4 g5 45. Nc4 Bxc4 46.
bxc4 Kf7 47. Kf2 Ke7+ 48. Ke3 Kd6 49. Kxd3 Rf2 50. Rg4 h6 51. Kd4 Rd2+ 52. Ke4
Ra2 53. h4 gxh4 54. Rxh4 Rxg2 55. Rxh6+ Kc7 56. Rh7+ Kc8 57. Ke5 Rg6 58. Re7
Rh6 59. Re6 Rh7 60. c5 Kc7 61. c6 Rh5+ 62. Kd4 bxc6 63. Rxc6+ Kb7 64. Rb6+ Kc7
65. Rxa6 Rh1 66. Rc6+ Kd7 67. Rb6 Ra1 68. Rb5 Kd6 69. Rb6+ Kd7 70. Ra6 Rc1 71.
Rh6 Kc7 72. a6 Ra1 73. Ke5 Re1+ 74. Kf5 Rf1+ 75. Ke6 Re1+ 76. Kf7 Kd7 77. Rf6
Ra1 78. Kf8 Ra2 79. a7 Kd8 80. Rf7 Kc8 81. Kg7 1-0

[Event "Oberliga Ost A 2018 2019"]
[Site "?"]
[Date "2018.12.16"]
[Round "5.2"]
[White "Becker, Michael"]
[Black "Roseneck, Jonas"]
[Result "0-1"]
[WhiteElo "2268"]
[BlackElo "2246"]
[PlyCount "72"]
[EventDate "2018.10.21"]
[EventType "team-tourn"]
[EventCountry "GER"]
[WhiteTeam "Halle USV"]
[BlackTeam "Magdeburg SG Aufbau Elbe"]
[WhiteTeamCountry "GER"]
[BlackTeamCountry "GER"]

1. e4 c5 2. Nf3 d6 3. c3 Nf6 4. Qc2 Qc7 5. Be2 g6 6. O-O Bg7 7. a4 O-O 8. Na3
b6 9. d4 cxd4 10. Nxd4 Bb7 11. f3 Nbd7 12. Bg5 Rac8 13. Rad1 d5 14. exd5 Nxd5
15. Qd2 Nc5 16. c4 Bxd4+ 17. Qxd4 Ne6 18. Qf2 Ndf4 19. Bh6 Rfd8 20. Qe3 Nd4 21.
Bd3 Nxd3 22. Rxd3 Nf5 23. Rxd8+ Qxd8 24. Qd2 Nxh6 25. Qxh6 Qd4+ 26. Rf2 Qd1+
27. Rf1 Qxa4 28. Re1 Qb4 29. Re2 Rd8 30. Qe3 e6 31. Kf2 Ba6 32. Rc2 Qd6 33. g3
Qd1 34. Kg2 Bb7 35. Qf4 e5 36. Qf6 Rd6 0-1

[Event "Oberliga Ost A 2018 2019"]
[Site "?"]
[Date "2018.12.16"]
[Round "5.3"]
[White "Melamed, Tatjana"]
[Black "Hartge, Gedeon"]
[Result "1/2-1/2"]
[WhiteElo "2387"]
[BlackElo "2198"]
[PlyCount "93"]
[EventDate "2018.10.21"]
[EventType "team-tourn"]
[EventCountry "GER"]
[WhiteTeam "Magdeburg SG Aufbau Elbe"]
[BlackTeam "Halle USV"]
[WhiteTeamCountry "GER"]
[BlackTeamCountry "GER"]

1. e4 c5 2. Nf3 e6 3. g3 Nc6 4. Bg2 d6 5. O-O Nf6 6. Re1 Be7 7. c3 O-O 8. d4
cxd4 9. cxd4 d5 10. e5 Ne4 11. Nbd2 Nxd2 12. Bxd2 b5 13. h4 Qb6 14. Bg5 Bd7 15.
Bxe7 Nxe7 16. Qd3 b4 17. Bf1 h6 18. Rac1 Rfc8 19. Qa6 Rab8 20. Kg2 Kf8 21. h5
Qxa6 22. Bxa6 Rxc1 23. Rxc1 Rb6 24. Bd3 Rc6 25. Rxc6 Nxc6 26. g4 a5 27. Kf1 Na7
28. Ke2 Ke7 29. Nd2 Ba4 30. f4 Nc8 31. Nf3 Nb6 32. g5 Be8 33. b3 Kf8 34. Ke3
Nc8 35. Nh2 f5 36. gxf6 Bxh5 37. fxg7+ Kxg7 38. f5 exf5 39. Bxf5 Ne7 40. Bd3
Kf7 41. Nf3 Bg6 42. Nh4 Bxd3 43. Kxd3 Ke6 44. Ke3 Nc6 45. Kd3 Ne7 46. Ke3 Nc6
47. Kd3 1/2-1/2

[Event "Oberliga Ost A 2018 2019"]
[Site "?"]
[Date "2018.12.16"]
[Round "5.4"]
[White "Schulte, Felix"]
[Black "Andre, Gordon"]
[Result "0-1"]
[WhiteElo "2087"]
[BlackElo "2319"]
[PlyCount "52"]
[EventDate "2018.10.21"]
[EventType "team-tourn"]
[EventCountry "GER"]
[WhiteTeam "Halle USV"]
[BlackTeam "Magdeburg SG Aufbau Elbe"]
[WhiteTeamCountry "GER"]
[BlackTeamCountry "GER"]

1. d4 e6 2. c4 d5 3. Nc3 Nf6 4. cxd5 exd5 5. Bg5 c6 6. Qc2 Na6 7. a3 Nc7 8. e3
Ne6 9. Bh4 Be7 10. Bd3 g6 11. h3 Ng7 12. f3 O-O 13. O-O-O b5 14. Nge2 a5 15. g4
b4 16. axb4 axb4 17. Nb1 Be6 18. f4 Rc8 19. f5 c5 20. Bxf6 cxd4 21. Bxe7 Qxe7
22. fxe6 b3 23. exf7+ Kh8 24. Qxc8 Rxc8+ 25. Kd2 dxe3+ 26. Ke1 Qh4+ 0-1

[Event "Oberliga Ost A 2018 2019"]
[Site "?"]
[Date "2018.12.16"]
[Round "5.5"]
[White "Biastoch, Bennet"]
[Black "Reipsch, Jens"]
[Result "1/2-1/2"]
[WhiteElo "2194"]
[BlackElo "2243"]
[PlyCount "120"]
[EventDate "2018.10.21"]
[EventType "team-tourn"]
[EventCountry "GER"]
[WhiteTeam "Magdeburg SG Aufbau Elbe"]
[BlackTeam "Halle USV"]
[WhiteTeamCountry "GER"]
[BlackTeamCountry "GER"]

1. e4 e5 2. Nf3 Nc6 3. Bb5 a6 4. Ba4 Nge7 5. c3 d6 6. O-O Bd7 7. d4 Ng6 8. Re1
Be7 9. Nbd2 h6 10. Nf1 Bg5 11. Ng3 Qe7 12. d5 Nb8 13. Nf5 Qf6 14. Bxd7+ Nxd7
15. Nxg5 hxg5 16. g3 O-O-O 17. Qg4 Nf4 18. gxf4 gxf4 19. Ne3 fxe3 20. Rxe3 Qh6
21. Qg2 g5 22. a4 Rh7 23. Rg3 f6 24. c4 Rdh8 25. h3 Qg6 26. Raa3 Rh4 27. Rg4
Nc5 28. b4 Nxe4 29. Rxh4 Rxh4 30. f3 Ng3 31. Qxg3 Rxc4 32. Bd2 Qc2 33. Qf2 Rd4
34. Be3 Qb1+ 35. Kg2 Qxb4 36. Bxd4 Qxa3 37. Be3 Qxa4 38. Qd2 b5 39. Qd3 b4 40.
Qc4 Qb5 41. Qxb5 axb5 42. Kf2 Kb7 43. Ke2 c6 44. dxc6+ Kxc6 45. Kd3 d5 46. Kc2
d4 47. Bd2 Kc5 48. Kb3 Kd5 49. Bxb4 e4 50. fxe4+ Kxe4 51. Be7 f5 52. Bxg5 f4
53. Kc2 b4 54. Kd2 b3 55. Bh4 b2 56. Kc2 Ke3 57. Bg5 d3+ 58. Kxb2 d2 59. Bxf4+
Kxf4 60. Kc2 Kg3 1/2-1/2